000 00765nam a2200253Ia 4500
003 OSt
005 20220926014824.0
006 a|||||r|||| 00| 0
007 ta
008 220923b |||||||| |||| 00| 0 eng d
037 _cGeneral Book
040 _aRTL
_cRTL
_beng
041 _2eng
_aeng
082 _aY150g(4).73.N8, M5
100 _aNewton Judith
_9321147
245 0 _aFaminist criticism and social change
_b Sex, class a
260 _aNew York
_bMethuen
_c1985
300 _axxxix, 291p
_ccm.
500 _aBibliography chaptewise
650 _aWoman Sociology
700 _a Rosenfelt Deborah Ed.
_9321148
942 _hY150g(4).73.N8, M5
_cGB
_2CC
999 _c629911
_d629911